LIBRARY & INFORMATION CENTRE, KCAET, TAVANUR

ONLINE PUBLIC ACCESS CATALOGUE (OPAC)

Academic status for university and college librarians in India / (Record no. 7796)

MARC details
000 -LEADER
fixed length control field 00493cam a2200181ua 4500
020 ## - INTERNATIONAL STANDARD BOOK NUMBER
ISBN 81 85004 05 6
041 ## - LANGUAGE CODE
Language code of text/sound track or separate title eng
082 ## - DEWEY DECIMAL CLASSIFICATION NUMBER
Classification number 027.7
Item number DAT/AC
100 ## - MAIN ENTRY--AUTHOR NAME
Personal name Datta, N .
245 ## - TITLE STATEMENT
Title Academic status for university and college librarians in India /
250 ## - EDITION STATEMENT
Edition statement 1 /
260 ## - PUBLICATION, DISTRIBUTION, ETC. (IMPRINT)
Place of publication Delhi :
Name of publisher Indian bibliographies Bureau ,
Year of publication 1985.
300 ## - PHYSICAL DESCRIPTION
Number of Pages 208 ; .
942 ## - ADDED ENTRY ELEMENTS (KOHA)
Koha item type Books
Holdings
Withdrawn status Lost status Damaged status Home library Current library Date acquired Full call number Accession Number Koha item type
      KAUAET   09/03/1987 027.7 16024 Books
free website counter